00823 2200289 4500001002100000005001500021035002000036007000300056008004100059040002200100082001700122084001900139090002100158100002900179245006900208250001700277300002400294650004100318700002500359850001200384041000800396264004300404336002100447337003000468338002300498990001200521INLIS00000000084921520210830030750 a0010-0719000216ta190704s1948 sui g m ind d aYOPDYOGbinderda04223a221.9505 a221.9505 WEI r aL 221.9505 WEI r1 aWeiser S.J, Fr.epenulis1 aRahasia alfred /cpenulis, Fr. Weiser S.J.; penerjemah, Valentyn aCetakan ke-2 a36 halaman ;c21 cm 4aAlkitab--vPerjanjian lama--xcerita aValentynepenerjemah aYOPDYOG0 aind3 aManado :bAdm. Geredja Katholik,c1948 2rdacontentateks 2rdamediaatanpa perantara 2rdacarrieravolume a55049-A